00275nam a2200097Ia 4500008004100000245004200041245002300083260000900106650001400115856004800129171211s9999 xx 000 0 und d aIn My Father's Study (Singular Lives) cBenjamin S. Orlove c1995 xBiography uhttp://down.ebook777.com/061/0877454906.pdf